| 000 | 00924nam a2200265 i 4500 | ||
|---|---|---|---|
| 001 | bg | ||
| 003 | KOSZ 005 | ||
| 005 | 20200504120138.0 | ||
| 008 | 081117s1957 pl a f 000 0 pol | ||
| 015 | _aPB 1957/6359 | ||
| 040 |
_aWA N _cKOSZ 005/RW _dKOSZ 005/RW |
||
| 080 | _a624 | ||
| 100 | 1 |
_aBychawski, Zbigniew _eAutor |
|
| 245 | 1 | 0 |
_aKablobeton / _cZbigniew Bychawski, Jan Tyszowiecki. |
| 260 |
_aWarszawa : _b"Arkady", _c1957. |
||
| 300 |
_a234, [2] s. : _bil., err. ; _c24 cm. |
||
| 380 | _aKsiążki. | ||
| 504 | _aBibliogr. s. [236]. | ||
| 521 | 8 | _aDla inżynierów, projektantów i wykonawców oraz studentów wyższych uczelni technicznych. | |
| 650 | 4 |
_aŻelbet _xwyroby. |
|
| 700 | 1 | _aTyszowiecki, Jan Kanty. | |
| 710 | 2 |
_aWydawnictwo "Arkady". _4pbl. |
|
| 856 |
_uhttp://koha.tu.koszalin.pl/cgi-bin/koha/opac-detail.pl?biblionumber=11263 _yKatalog online BPK |
||
| 942 |
_2UKD _cKS |
||
| 999 |
_c11263 _d11263 |
||